Top 10 countries with the most wild tigers - Statistics

General Stats
  • This quiz has been taken 36 times
    15 since last reset
  • The average score is 10 of 11
Answer Stats
Number Answer % Correct
125 Bangladesh
100%
114 China
100%
3,167 India
100%
22 Myanmar
100%
151 Bhutan
90%
393 Indonesia
90%
150 Malaysia
90%
355 Nepal
90%
750 Russia
90%
189 Thailand
90%
Total 5,000
10%
No matching quizzes found
Score Distribution
Percent of People with Each Score
Percentile by Number Answered
Your Score History
You have not taken this quiz since the last reset